[Event "Hastings7273"]
[Site "Hastings"]
[Date "1972.??.??"]
[Round "15"]
[White "Tukmakov, Vladimir B"]
[Black "Rajkovic, Dusan"]
[Result "1-0"]
[WhiteElo "2560"]
[BlackElo "2390"]

1.d4 Nf6 2.c4 c5 3.d5 b5 4.Bg5 Qb6 5.Nc3 b4 6.Nb1 Ne4 7.Bc1 Qf6 8.Nf3 d6
9.e3 e6 10.Bd3 exd5 11.Bxe4 dxe4 12.Qd5 exf3 13.Qxa8 fxg2 14.Rg1 Be7 15.Qxb8 O-O
16.Qa8 d5 17.Qxd5 Bh3 18.Nd2 Rd8 19.Qf3 Qe6 20.Rxg2 Bxg2 21.Qxg2 Bf6 22.Rb1 Qd6
23.h3 h5 24.Qf3 Qd3 25.Qe4 Qd7 26.Ke2 Qxh3 27.Nb3 Qd7 28.Bd2 Re8 29.Qf3 Qa4
30.Qf5 Qxa2 31.Nxc5 Qxc4+ 32.Nd3 Re5 33.Rc1 Qxc1 34.Qxe5 Qc4 35.Qb8+ Kh7
36.Qxb4 Qa6 37.Bc3 Bg5 38.Qe4+ g6 39.Qd4 f6 40.Qd7+  1-0

[Event "Hastings7273"]
[Site "Hastings"]
[Date "1972.??.??"]
[Round "15"]
[White "Uhlmann, Wolfgang"]
[Black "Stean, Michael"]
[Result "1-0"]
[WhiteElo "2530"]
[BlackElo "2275"]

1.c4 g6 2.d4 Nf6 3.Nc3 d5 4.Nf3 Bg7 5.Qa4+ c6 6.cxd5 Nxd5 7.e4 Nc7 8.Be2 O-O
9.O-O Nd7 10.Bg5 Ne6 11.Be3 Nb6 12.Qd1 f5 13.Qb3 Kh8 14.d5 fxe4 15.dxe6 exf3
16.Bxf3 Qd6 17.Bg4 Nd5 18.Nxd5 cxd5 19.Rad1 Bxe6 20.Bxe6 Qxe6 21.Rxd5 a6
22.Rfd1 Rac8 23.h3 Bf6 24.Bh6 Bg7 25.Be3 Bf6 26.a4 Qc6 27.a5 Qc4 28.Qb6 Qe2
29.R5d2 Qh5 30.b4 g5 31.Qxb7 g4 32.hxg4 Qxg4 33.Qxa6 Rg8 34.Qf1 Qxb4 35.a6 Rxg2+
36.Qxg2 Rg8 37.Rd8  1-0